000 00457nam a2200181 a 4500
001 3773
003 CO-ViMGA
008 141112s2004 ck r 000 u spa d
040 _aCO-ViMGA
_bspa
_cCO-ViMGA
082 0 4 _aA863.44 S674l
100 1 _aSoriano, Osvaldo
_94970
245 1 0 _aTriste, solitario y final
260 _aBarcelona :
_bNorma,
_c1995
300 _a176 p
490 _aLa otra orilla
650 1 4 _aNOVELA ARGENTINA
_92131
942 _2ddc
_cBK
999 _c15792
_d15792